000 00740nam a2200253Ia 4500
003 OSt
005 20220918202611.0
006 a|||||r|||| 00| 0
007 ta
008 220917b |||||||| |||| 00| 0 eng d
024 _a102,465
037 _cTextual
040 _aARTS
_cARTS
_beng
041 _2eng
_aeng
082 _aV25222.N20<-M80, L5-;1-;2
100 _aBayly C A
_949336
245 0 _aLocal roots of Indian politics
_b Allahabad 1880--1920
260 _aOxford
_bClarendon Press
_c1975
300 _axvii, 314p.
_ccm.
500 _aAppendix p285--292; Bibliography p293--304
650 _aHISTORY
942 _hV25222.N20<-M80, L5-;1-;2
_cTEXL
_2CC
999 _c225919
_d225919